| 000 | 00697 a2200205 4500 | ||
|---|---|---|---|
| 010 | _aENG-85778 | ||
| 020 |
_a0195677927 _c675.00 |
||
| 035 | _aEN-69311 | ||
| 037 | _bD.B.Act / PUB | ||
| 082 | 1 | 4 | _a338.954 |
| 090 |
_c3515 _d3515 |
||
| 245 | 1 |
_aExplaining growth in South Asia _cedited by Kirit S. Parikh |
|
| 260 |
_aNew Delhi _bOxford University Press _c2006 |
||
| 270 |
_aYMCA Library Building, Jai Singh Road, _bNew Delhi, Akshaya Prakashan _cDelhi _e110 001 |
||
| 300 |
_axix, 495p. _c21cm (Hb) |
||
| 500 | _aIncludes index. | ||
| 700 | _aParikh, Kirit S . | ||
| 942 |
_adpl _cEN _k338.954 / EXP |
||
| 999 |
_c3448 _d3448 |
||